Statystyki dla Quiz o Grenlandii

Kliknij tutaj aby rozwiązać quiz!

Ogólne statystyki

  • Ten quiz został rozwiązany 2 197 razy
  • Średni wynik to 9 z 16

Statystyki odpowiedzi

WskazówkaOdpowiedź% Poprawnych
Grenlandia jest autonomiczną częścią tego krajuDania
98%
Kraje położone najbliżej GrenlandiiKanada
92%
Kraje położone najbliżej GrenlandiiIslandia
89%
Kraj, który zaoferował kupno Grenlandii w 1946 r. za 100 milionów $Stany Zjednoczone
89%
Co obejmuje 81% powierzchni Grenlandii?Pokrywa {lodowa}
75%
Grupa ludzi, którzy osiedlili się na Grenlandii w 986 r.Wikingowie
68%
StolicaNuuk
67%
Zwierzę na herbieNiedźwiedź polarny
63%
Produkt spożywczy, który stanowi większość eksportu GrenlandiiRyba
48%
Duże krowy żyjące na północy Grenlandii{wół} piżmowy
48%
Język urzędowyGrenlandzki
45%
88% Grenlandczyków należy do tej grupy etnicznej
(zaczyna się na literę I)
Inuici
44%
Uważa się, że to zwierzę znalezione u wybrzeży Grenlandii ma najdłuższy okres życia
ze wszystkich kręgowców (300 - 500 lat)
{Rekin} grenlandzki
30%
Niestety, Grenlandia ma prawie dwukrotnie większy wskaźnik _______
niż jakikolwiek inny kraj
Samobójstw
26%
Zwykłe odwzorowanie mapy tym sposobem sprawia, że Grenlandia wydaje się być wielkości Afryki,pomimo tego, że Afryka jest 14 razy większa od Grenlandii.Projekcja {Merkatora}
20%
Osoba, która założyła osadę na GrenlandiiEryk Rudy
16%

Rozkład punktacji

Percentyl według liczby udzielonych odpowiedzi

Procent ludzi z każdym wynikiem

Twoja historia wyników

Nie rozwiązałeś tego quizu